The Mexican mining industry, 1890-1950 ; a study of the interaction of politics, economics, and technology /

Bibliographic Details
Main Author: Bernstein, Marvin D.
Format: Book
Language:English
Published: Albany : State University of New York, 1964 [i.e.1965]
Subjects:

MARC

Tag First Indicator Second Indicator Subfields
LEADER 00000cam a2200000 4500
001 in00000040859
005 20151007064712.0
008 720204s1965 nyu b 00000 eng u
010 |a  64018628  
035 |a (OCoLC)00234227 
035 |9 AAE0415AM 
040 |c WSU  |d TXA  |d UtOrBLW 
049 |a TXAM  |c [461089] 
050 0 |a HD9506.M6  |b B4 
092 |a 338.20972  |b B531m 
100 1 |a Bernstein, Marvin D. 
245 1 4 |a The Mexican mining industry, 1890-1950 ;  |b a study of the interaction of politics, economics, and technology /  |c by Marvin D. Bernstein. 
264 1 |a Albany :  |b State University of New York,  |c 1964 [i.e.1965] 
300 |a 412 pages 
336 |a text  |b txt  |2 rdacontent 
337 |a unmediated  |b n  |2 rdamedia 
338 |a volume  |b nc  |2 rdacarrier 
504 |a Bibliography: pages 377-394. 
650 0 |a Mineral industries  |z Mexico. 
999 |a MARS 
999 f f |s eb6159cf-626c-3824-a5a4-1061f5ba0732  |i d1675bc7-bb2d-39ae-8a4d-dd72b57f6c98  |t 0 
952 f f |p ric  |a Texas A&M University  |b Rellis Campus  |c Joint Library Facility  |d Remote Storage  |t 0  |e HD9506.M6 B4  |h Library of Congress classification  |i unmediated -- volume  |m A14800762269 
998 f f |a HD9506.M6 B4  |t 0  |l Remote Storage